| 000 | 00477nam a2200181 a 4500 | ||
|---|---|---|---|
| 003 | BD-RjUL | ||
| 005 | 20240129120331.0 | ||
| 008 | 851211s1933 enk 000 1 eng d | ||
| 035 | _a(BD-RjUL) | ||
| 040 |
_aVDU _beng _cVDU _dVDU |
||
| 041 | _aeng | ||
| 082 |
_a823 _bLEA 1933 |
||
| 100 | 1 |
_aLewis, Sinclair, _d1885-1951. _911222 |
|
| 245 | 1 | 0 |
_aAnn Vickers : _ba novel / _cby Sinclair Lewis. |
| 260 |
_aLondon : _bCape, _c1933. |
||
| 300 |
_a460 p. ; _c20 cm. |
||
| 942 |
_2ddc _cBK |
||
| 999 |
_c82839 _d82839 |
||